Saarbrück to Paris, 1870; (Record no. 552172)
[ view plain ]
| 000 -LEADER | |
|---|---|
| fixed length control field | 00608cam a22001693 4500 |
| 082 ## - DEWEY DECIMAL CLASSIFICATION NUMBER | |
| Classification number | 943.082 |
| Author Mark | PRA |
| 100 1# - MAIN ENTRY--PERSONAL NAME | |
| Personal name | Pratt, Sisson C. |
| 9 (RLIN) | 49383 |
| 245 10 - TITLE STATEMENT | |
| Title | Saarbrück to Paris, 1870; |
| Remainder of title | a strategical sketch, |
| Statement of responsibility, etc. | by Lieut.-Colonel Sisson C. Pratt; with ten sketches and maps. |
| 260 ## - PUBLICATION, DISTRIBUTION, ETC. | |
| Place of publication, distribution, etc. | London, |
| Name of publisher, distributor, etc. | S. Sonnenschein & co., |
| Date of publication, distribution, etc. | 1904. |
| 300 ## - PHYSICAL DESCRIPTION | |
| Extent | 3 p. l., v-viii, 209 p. |
| Other physical details | 10 fold. maps (2 in pocket) |
| Dimensions | 19 cm. |
| 490 0# - SERIES STATEMENT | |
| Series statement | Special campaign series, |
| 526 ## - STUDY PROGRAM INFORMATION NOTE | |
| Program name | 0 |
| Interest level | 0 |
| Reading level | 0 |
| Title point value | 943_082000000000000_PRA |
| 650 #0 - SUBJECT ADDED ENTRY--TOPICAL TERM | |
| Topical term or geographic name entry element | Franco-Prussian War, 1870-1871. |
| 9 (RLIN) | 49384 |
| 650 #0 - SUBJECT ADDED ENTRY--TOPICAL TERM | |
| Topical term or geographic name entry element | MCE |
| 9 (RLIN) | 379 |
| 650 #0 - SUBJECT ADDED ENTRY--TOPICAL TERM | |
| Topical term or geographic name entry element | Strategy. |
| 942 ## - ADDED ENTRY ELEMENTS (KOHA) | |
| Source of classification or shelving scheme | |
| Koha item type | Book |
| Withdrawn status | Lost status | Source of classification or shelving scheme | Damaged status | Not for loan | Permanent Location | Current Location | Shelving location | Date acquired | Total Checkouts | Full call number | Barcode | Date last seen | Price effective from | Koha item type |
|---|---|---|---|---|---|---|---|---|---|---|---|---|---|---|
| Military College of Engineering (MCE) | Military College of Engineering (MCE) | 01/09/2015 | 943.082 PRA | MCE-ECS/66 | 01/09/2015 | 01/09/2015 | Book |
